China enabling a new era of changes

Salvato in:
Dettagli Bibliografici
Altri autori: Mar, Pamela C.M, Richter, Frank-Jürgen
Natura: Libro
Lingua:inglese
Pubblicazione: Singapore John Wiley & Sons 2003
Soggetti:
Tags: Aggiungi Tag
Nessun Tag, puoi essere il primo ad aggiungerne!!

MARC

LEADER 00000nam$a2200000$$$4500
001 0005742
005 20240104132942.8
020 |a 0-470-82086-1 
041 0 |a eng 
044 |a SG 
245 1 0 |a China  |b enabling a new era of changes  |c Pamela C.M. Mar and Frank-Jürgen Richter 
264 1 |a Singapore  |b John Wiley & Sons  |c 2003 
300 |a 220 s. 
610 2 0 |a politika hospodárska 
610 2 0 |a reformy hospodárske 
610 2 0 |a prognózy hospodárske 
610 2 0 |a transformácia 
610 2 0 |a bankovníctvo 
610 2 0 |a trh 
610 2 0 |a politika finančná 
610 2 0 |a monopoly 
610 2 0 |a korupcia 
610 2 0 |a regióny 
610 2 0 |a partneri obchodní 
610 2 0 |a hospodárstvo trhové sociálne 
610 2 0 |a politika peňažná 
610 2 0 |a kapitál rizikový 
610 2 0 |a veľkomestá 
610 2 0 |a Čína 
610 2 0 |a Japonsko 
610 2 0 |a Svetová obchodná organizácia 
700 1 |a Mar, Pamela C.M. 
700 1 |a Richter, Frank-Jürgen